Представление документа в формате RUSMARC

ПолеНазваниеЗначение
  Тип записи a
  Библиографический уровень m
001 Контрольный номер RU/CBS_UL/BASE/1a2d3882c2ed44efbdcaec41125fb7fe
005 Дата корректировки 20260129140310.5
010 Индекс ISBN __
a ISBN
b Уточнения в пер.
d Цена 208 р. 00 к.
9 Тираж экз.
100 Данные общей обработки __
a Данные общей обработки 20121112d2012 ||| 0rusy0189 ca
101 Язык документа 0_
a Язык текста rus
102 Страна публикации __
a Страна публикации RU
105 Кодированные данные (монография) __
a Кодированные данные (монография) y###||||000|y
200 Заглавие и сведения об ответственности 1_
a Заглавие Столыпин
210 Выходные данные 1_
a Место издания Москва
c Издательство Молодая гвардия
d Дата издания 2004
215 Физическое описание __
a Объем 421 с.
c Иллюстрации/тип воспроизводства ил.
d Формат см.
225 Серия 0_
a Серия Жизнь замечательных людей: Серия биографий; Вып. 1101 (901)
300 Общие примечания __
a Общие примечания 16+
600 Персоналии _0
a Персоналии (Фамилия) Столыпин
b Персоналии (Имя, инициалы) П. А.
606 Тематические рубрики 0_
a Основная рубрика Столыпин, Петр Аркадьевич (1862-1911), о нем
610 Ключевые слова 0_
a Ключевые слова история России
a Ключевые слова реформаторы
a Ключевые слова убийства политические
a Ключевые слова царизм
a Ключевые слова реформы аграрные
a Ключевые слова революция первая
a Ключевые слова министры российские
686 Индексы других классификаций __
a Классификационный индекс 63.3(2)5-8
2 Код системы ББК
700 Автор _1
a Фамилия Рыбас
b Имя (инициалы) С. Ю.
g Полное личное имя Святослав Юрьевич
852 Данные о местонахождении __
i Авторский знак Р 93
j Шифр хранения 63.3(2)5
901 Тип документа __
t Тип документа m